• 首页
  • 本馆介绍
  • 公告通知
  • 最新文献
  • 馆藏检索
  • 电子资源
  • 读者导购
  • 参考咨询
  • 我的图书馆
  • 登录
  • 详细信息显示
  • 放入我的书架
  • 预约/预借图书
  • 作者相关作品
  • 分类相关作品
  • 丛书相关作品
  • 出版社相关作品

书目信息

  • 表格格式
  • 工作单格式
  • 卡片格式
题名:
西湖散曲选
    
 
作者: 吴战垒 选编
分册:  
出版信息: 杭州   浙江文艺出版社  1983
页数: 275页
开本: 21cm
丛书名: 西湖文艺丛书
单 册:
中图分类: I222.9
科图分类:
主题词: 元曲--中国--选集
电子资源:
ISBN:
000 00687nam2 2200265 45
001 0183007225
005 20040417134259.0
010    @dCNY1.04
091    @a10317.3
100    @a19950313d1983 em y0chiy0121 ea
101 0  @achi
102    @aCN@b330000
105    @ay z 000gy
106    @ar
200 10 @a西湖散曲选@Axi hu san qu xuan@f吴战垒选编
210    @a杭州@c浙江文艺出版社@d1983
215    @a275页@d21cm
225 2  @a西湖文艺丛书
410  0 @120010@a西湖文艺丛书
606    @a元曲@y中国@x选集
690    @aI222.9@v3
701  0 @a吴战垒@Awu zhan lei@4选编
801  0 @aCN@b上海图书馆@c20040417
801  2 @aCN@bNLC@c20040417
905    @f2@b169500-501@dI222.9@e276
    
    西湖散曲选/吴战垒选编.-杭州:浙江文艺出版社,1983
    275页;21cm.-(西湖文艺丛书)
    
    
    ISBN :CNY1.04
    
●
相关链接 在E读中查询图书 在五车中查询图书 在当当中查询图书 在豆瓣中查询图书


正题名:西湖散曲选     索取号:I222.9/276         预约/预借

序号 登录号 条形码 馆藏地/架位号 状态 备注
1 0169500   000755677   第二借阅区/ [索取号:I222.9/276] 在馆    
2 0169501   000755686   第二借阅区/ [索取号:I222.9/276] 在馆    
3 0169502   000755668   第一样本阅览室/ [索取号:I222.9/276] 在馆    
唐山师范学院图书馆 欢迎您!
大连网信软件有限公司© 版权所有